000 00674nam a22002297a 4500
005 20251108172741.0
008 250721s2002 xx 000 0 ara d
082 1 4 _a523.01/تسي
100 1 _aتسيبين، م
_eمؤلف
245 1 0 _aالحياة في الفضاء الخارجي /
250 _a2
264 1 _aدمشق :
_bدار قتيبة،
_c2002.
300 _a237ص.
650 1 7 _aعلم الكونيات
650 1 7 _aعلوم الفضاء
650 1 7 _aأبحاث الفضاء
650 1 7 _aإستكشاف الفضاء
650 1 7 _aعلوم الحياة
700 1 _aمنذر، فضل الله
_eمترجم
942 _2ddc
_cBK
999 _c87545
_d87545